01692nam a2200361 a 4500001001200000003000800012006001900020007001500039008004100054010001700095020003600112040002100148035002100169043001200190050002400202082001600226100002500242245009000267260006300357300002400420490002200444504006600466505026900532533015200801650005200953651006601005651004701071655002901118710001701147830002301164856012601187999001701313ebr10351521CaPaEBRm u cr cn|||||||||050413s2005 ncua sb s001 0 eng  z 2005010248 z0807829692 (cloth : alk. paper) aCaPaEBRcCaPaEBR a(OCoLC)550640927 an-us---14aE468.9b.T38 2005eb04a973.7/12221 aTaylor, Amy Murrell.14aThe divided family in Civil War Americah[electronic resource] /cAmy Murrell Taylor. aChapel Hill :bUniversity of North Carolina Press,cc2005. axiv, 319 p. :bill.1 aCivil War America aIncludes bibliographical references (p. [279]-307) and index.0 aUnion father, rebel son -- Marriage and courtship -- Brothers and sisters -- Border crossing and the treason of family ties -- Border dramas and the divided family in the popular imagination -- Reconciliations lived and imagined -- Reconciliation and emancipation. aElectronic reproduction.bPalo Alto, Calif. :cebrary,d2013.nAvailable via World Wide Web.nAccess may be limited to ebrary affiliated libraries. 0aFamilieszUnited StatesxHistoryy19th century. 0aUnited StatesxHistoryyCivil War, 1861-1865xSocial aspects. 0aUnited StatesxSocial conditionsyTo 1865. 7aElectronic books.2local2 aebrary, Inc. 0aCivil War America.40uhttp://site.ebrary.com/lib/rucke/Doc?id=10351521zAn electronic book accessible through the World Wide Web; click to view c45910d45910